| 000 | 00602nam a2200217Ia 4500 | ||
|---|---|---|---|
| 999 |
_c3522 _d3522 |
||
| 008 | 251204t2025||||ii |||||||||||||| ||und|| | ||
| 020 |
_a9789370602571 _cRs. 1175.00 |
||
| 040 |
_aKO _beng |
||
| 041 | 0 | _aeng | |
| 044 | _aii | ||
| 082 | 0 | 4 |
_a519.5 _bB5611 _223 |
| 100 | 1 | _aBlack, Ken | |
| 245 | 1 | 0 |
_aBusiness statistics _b: for contemporary decision making / _cKen Black |
| 250 | _a11th ed. | ||
| 260 |
_aNew Delhi : _bWiley India Pvt Ltd, _c2025 |
||
| 300 |
_axxi, 811 p. _bill. : _c; 28 cm. |
||
| 650 | 0 |
_aCommercial statistics _vTextbooks |
|
| 904 | _aA_BOSE | ||
| 942 |
_cBK _2ddc |
||